000 00624nam a22002417a 4500
003 UA-OsUOA
001 75696
007 ta
008 20110530b un ||||| |||| 00| 0 ukr d
100 _aВільде І.
090 _a821.161.2
_bВ55
942 _cBK
040 _aUA-OsUOA
_bukr
_cUA-OsUOA
_dUA-OsUOA
245 _aСестри Річинські
_bроман
300 _a910 с.
955 _a3
041 _aukr
080 _a821.161.2
020 _a966-01-0320-4
260 _aК.
_bУкраїна
_c2004
650 7 _a82 Література. Літературознавство
_2UDC
999 _c361992
_d361992